| 000 | 01339nam0a2200349 4500 | ||
|---|---|---|---|
| 001 | RU\NLR\BIBL_A\022602032 | ||
| 005 | 20251214193717.0 | ||
| 010 |
_a978-5-907987-16-6 _9300 |
||
| 035 | _a(NLR Aleph) 022602032 | ||
| 090 |
_a13496347 _c13496347 |
||
| 100 | _a20250815d2024 k y0rusy50 ca | ||
| 101 | 0 |
_arus _aeng |
|
| 102 | _aRU | ||
| 105 | _aa z 000yy | ||
| 181 | 0 |
_ai _baxxe |
|
| 182 | 0 | _an | |
| 200 | 1 |
_aМежду интеллектом и воображением: философия языка сквозь призму литературы _eмонографическое исследование _fЕлена Бразговская |
|
| 203 |
_aТекст _bвизуальный _cнепосредственный |
||
| 210 |
_aСанкт-Петербург _cИзд-во РХГА _d2025 |
||
| 215 |
_a269, [2] с. _cил. _d22 |
||
| 300 | _aЧасть текста англ. | ||
| 320 | _aБиблиогр.: с. 256–270 и в подстроч. примеч. | ||
| 606 | 1 |
_aФилософия языка _91261561 _3RU\NLR\AUTH\66200491 |
|
| 686 | 1 | _aЮ224.21 | |
| 686 | 1 |
_aЮ252 _bШ1 |
|
| 686 | 1 | _aШ1в2 | |
| 700 | 1 |
_aБразговская _bЕ. Е. _gЕлена Евгеньевна |
|
| 942 | _cBOOK | ||
| 980 | _aNB | ||